Normal view
MARC view
Entry Personal Name
001 - CONTROL NUMBER
- control field: 85012
003 - CONTROL NUMBER IDENTIFIER
- control field: dpl
005 - DATE AND TIME OF LATEST TRANSACTION
- control field: 20250912102411.0
008 - FIXED-LENGTH DATA ELEMENTS
- fixed length control field: 250912|| aca||aabn | a|a d
040 ## - CATALOGING SOURCE
- Original cataloging agency: dpl
- Transcribing agency: dpl
100 ## - HEADING--PERSONAL NAME
- Personal name: सांगानेरिया, साँवरमल
670 ## - SOURCE DATA FOUND
- Source citation: Work cat.: (dpl)210116: सांगानेरिया, साँवरमल, ज्योति की अलोक यात्रा/, 2024
